| 000 | 00456nam a2200181Ia 4500 | ||
|---|---|---|---|
| 001 | 21406 | ||
| 005 | 20260306172917.0 | ||
| 008 | 260306t2022||||xx |||||||||||||| ||spa|| | ||
| 041 | _aESP | ||
| 082 |
_a344.83 _bS55 |
||
| 100 |
_aSilva Sánchez, Jesús-María, _eAUT |
||
| 245 | 0 | _aEl riesgo permitido en Derecho penal económico | |
| 260 | _c2022 | ||
| 300 |
_a183 páginas : _c20 cm. |
||
| 650 | _aGEN | ||
| 654 | _aCDE | ||
| 942 |
_cLIB _dJUS _fJUS _2ddc _n |
||
| 999 |
_c21406 _d21406 |
||